Liedtext - Bonnie & Clyde - Die Toten Hosen - Statistiken

Allgemein
  • Dieses Quiz wurde 148 mal gespielt
  • Das Durchschnittsergebnis liegt bei 213 aus 286
Antwortstatistiken
Antwort % Korrekt
und
99%
Wir
99%
wir
99%
Bonnie
97%
Clyde
97%
ich
94%
Ich
94%
sind
92%
Du
91%
uns
90%
da
88%
es
88%
zu
88%
Dich
87%
bin
86%
die
84%
ein
84%
nie
84%
an
83%
bis
83%
hab
82%
ist
82%
meine
81%
schon
81%
schön
81%
spielen
81%
den
79%
begegnet
78%
das
78%
doch
78%
er
78%
geh
78%
nicht
78%
Welt
77%
wenn
77%
Wenn
77%
auf
75%
Deinen
75%
im
75%
spür‘n
75%
spür’n
75%
wie
75%
aus
74%
bist
74%
Schulter
74%
Kopf
73%
lang
73%
Leg
73%
Mit
73%
mit
73%
denn
71%
der
71%
Dir
71%
Komm
71%
sie
70%
vorher
70%
Auch
69%
fahr
68%
immer
68%
will
68%
zum
68%
Auto
66%
dieser
66%
Ende
66%
einen
65%
ganze
65%
ihn
65%
Liebe
65%
damit
64%
klauen
64%
Mal
64%
vermisst
64%
Bullen
62%
ersten
62%
oder
62%
Pferde
62%
um
62%
Unsere
62%
durch
61%
hier
61%
mehr
61%
rum
61%
stehl‘n
61%
Was
61%
was
61%
Wege
61%
Banken
58%
geht
58%
Leben
58%
rauben
58%
schießen
58%
verfolgt
58%
anders
57%
paar
57%
wusste
57%
2
56%
4
56%
5
56%
aussiehst
56%
dick
56%
dünn
56%
In
56%
jede
56%
3
55%
soll
55%
weiss
55%
ab
53%
drum
53%
Geldtransport
53%
kümmern
53%
unserm
53%
werden
53%
dem
52%
sein
52%
Tod
52%
treff’
52%
steh’n
51%
alle
49%
hol’n
49%
Jeder
49%
aufhalten
48%
brauchen
48%
Freiheit
48%
genau
48%
Grabstein
47%
irgendwie
47%
tut
47%
explodiert
44%
ständig
44%
egal
42%
machen
42%
woll’n
42%
von
40%
kriegen
39%
Sprengsatz
39%
unter
39%
viele
39%
Lebendig
38%
Füßen
36%
hängen
36%
Staub
36%
brennt
35%
Bergen
34%
Boden
34%
etwas
31%
durchs
29%
öffnen
29%
Tür
29%
bomben
26%
Keine übereinstimmenden Quizze gefunden
Verteilung der Resultate
Anzahl Personen mit jedem Resultat
Perzentil nach korrekt beantworteten Fragen
Ihre Resultats-Entwicklung
Sie haben dieses Quiz noch nicht gespielt